[Event "SR 3. liga A2 2008/2009"]
[Site "?"]
[Date "2009.02.22"]
[Round "8.5"]
[White "Kosar, Mikulas ml"]
[Black "Svoboda, Adam"]
[Result "1-0"]
[WhiteElo "1891"]
[BlackElo "1815"]
[PlyCount "80"]
[EventDate "2008.??.??"]

1. e4 e5 2. Nf3 Nc6 3. d4 exd4 4. Bc4 Be7 5. Nxd4 d6 6. Nxc6 bxc6 7. Qh5 g6 8.
Qf3 Nf6 9. Bh6 Bf8 10. Bxf8 Kxf8 11. O-O Qe7 12. Nc3 Kg7 13. Rfe1 Re8 14. h3
Rb8 15. Rad1 Nd7 16. Bb3 Ne5 17. Qe3 a6 18. f4 Nd7 19. Qd4+ Kg8 20. Rf1 Nc5 21.
Rde1 Nxb3 22. axb3 Bb7 23. Qf2 Rf8 24. f5 f6 25. h4 Kg7 26. h5 g5 27. Ne2 h6
28. Nd4 Rfe8 29. Ne6+ Kf7 30. Qe2 Bc8 31. Nd4 d5 32. Kh1 Rb6 33. Qd3 c5 34. Ne6
d4 35. e5 Bb7 36. exf6 Kxf6 37. Nxc5 Qd8 38. Rxe8 Qxe8 39. Qxd4+ Kf7 40. Nxb7
Qc6 1-0

[Event "SR 3. liga A2 2008/2009"]
[Site "?"]
[Date "2009.02.22"]
[Round "8.6"]
[White "Puskas, Miroslav"]
[Black "Bott, Tamas"]
[Result "1-0"]
[WhiteElo "2001"]
[BlackElo "1807"]
[PlyCount "49"]
[EventDate "2008.??.??"]

1. e4 e5 2. Nf3 Nc6 3. d4 exd4 4. Bc4 Bc5 5. c3 dxc3 6. Bxf7+ Kxf7 7. Qd5+ Ke8
8. Qxc5 Qe7 9. Qxe7+ Ngxe7 10. Nxc3 d6 11. Be3 Be6 12. Nd4 Bc4 13. b3 Nxd4 14.
Bxd4 Bd3 15. O-O-O Ba6 16. Rhe1 Kf7 17. e5 dxe5 18. Bxe5 Rhe8 19. Rd7 Rad8 20.
Rxc7 Rd3 21. Bxg7 Kxg7 22. Rexe7+ Rxe7 23. Rxe7+ Kf6 24. Rc7 Rd6 25. Ne4+ 1-0

[Event "SR 3. liga A2 2008/2009"]
[Site "?"]
[Date "2009.02.22"]
[Round "8.7"]
[White "Kosar, Mikulas st"]
[Black "Herega, Jozef"]
[Result "0-1"]
[WhiteElo "1862"]
[BlackElo "1880"]
[PlyCount "58"]
[EventDate "2008.??.??"]

1. e4 c5 2. Nf3 g6 3. c3 Bg7 4. d4 cxd4 5. Nxd4 Nc6 6. Nf3 Qb6 7. Qc2 d6 8. Be3
Qc7 9. Bc4 Nf6 10. h3 O-O 11. O-O Bd7 12. Nbd2 a6 13. Bf4 b5 14. Bd3 Rfc8 15.
Rfc1 Qb8 16. b3 Nb4 17. Qb1 Nxd3 18. Qxd3 Nh5 19. Be3 b4 20. Nd4 $11 Be5 21.
N2f3 Nf4 22. Qd2 bxc3 23. Qd1 Bb5 24. Nxe5 dxe5 25. Nxb5 axb5 26. Rc2 b4 27.
Qf1 Rd8 28. g3 Ne6 29. f4 Nd4 0-1

[Event "SR 3. liga A2 2008/2009"]
[Site "?"]
[Date "2009.02.22"]
[Round "8.8"]
[White "Babirat, Michal"]
[Black "Sandor, Stefan"]
[Result "0-1"]
[WhiteElo "1588"]
[BlackElo "1558"]
[PlyCount "53"]
[EventDate "2008.??.??"]

1. c4 c5 2. Nc3 Nc6 3. g3 Nf6 4. Bg2 Qc7 5. Nf3 g6 6. b3 Bg7 7. Bb2 O-O 8. d4
cxd4 9. Nxd4 b6 10. Ncb5 Qb7 11. b4 a6 12. Nc3 Qc7 13. b5 Nxd4 14. Bxa8 Qxc4
15. O-O d5 16. Bc6 Bh3 17. Re1 Nxc6 18. bxc6 Qxc6 19. f3 Rd8 20. Rc1 Qb7 21. e3
b5 22. Ne2 Be6 23. Nf4 Bc8 24. e4 Qb6+ 25. Kg2 dxe4 26. Qe2 exf3+ 27. Qxf3 0-1

[Event "SR 3. liga A2 2008/2009"]
[Site "?"]
[Date "2009.02.22"]
[Round "8.1"]
[White "Lesny, Stefan"]
[Black "Malar, Pavol"]
[Result "1/2-1/2"]
[WhiteElo "2105"]
[BlackElo "2090"]
[PlyCount "75"]
[EventDate "2008.??.??"]

1. e4 e6 2. f4 d5 3. e5 c5 4. Nf3 Nc6 5. c3 Nge7 6. g3 Nf5 7. Bg2 Be7 8. O-O
Qb6 9. d3 Bd7 10. Kh1 h5 11. Rf2 O-O-O 12. Na3 f6 13. Nc2 d4 14. c4 Qc7 15. Qe1
Rdg8 16. a3 fxe5 17. Nxe5 Nxe5 18. fxe5 Bc6 19. b4 h4 20. g4 h3 21. Be4 Nh4 22.
b5 Bxe4+ 23. Qxe4 Rf8 24. Bf4 Ng2 25. Raf1 Bh4 26. Bg3 Qe7 27. Bxh4 Nxh4 28.
Ne1 Rxf2 29. Rxf2 Rf8 30. Kg1 Kc7 31. a4 Rxf2 32. Kxf2 Qg5 33. a5 Qd2+ 34. Kg3
Ng2 35. Nf3 Qe3 36. Qg6 Qf4+ 37. Kf2 Qe3+ 38. Kg3 1/2-1/2

[Event "SR 3. liga A2 2008/2009"]
[Site "?"]
[Date "2009.02.22"]
[Round "8.2"]
[White "Synak, Jan"]
[Black "Kolesar, Rastislav"]
[Result "1-0"]
[WhiteElo "1964"]
[BlackElo "1978"]
[PlyCount "85"]
[EventDate "2008.??.??"]

1. Nf3 Nf6 2. c4 Nc6 3. d4 d5 4. cxd5 Nxd5 5. e4 Nf6 6. Nc3 Bg4 7. d5 Ne5 8.
Be2 Nxf3+ 9. Bxf3 Bxf3 10. Qxf3 e5 11. dxe6 fxe6 12. Bg5 Be7 13. Rd1 Nd7 14.
Bxe7 Qxe7 15. Qh5+ g6 16. Qb5 O-O-O 17. O-O g5 18. Rd2 g4 19. Rfd1 h5 20. Qc4
a6 21. Rd6 Nc5 22. Rxd8+ Rxd8 23. Rxd8+ Kxd8 24. Qd4+ Qd6 25. Qh8+ Kd7 26. Qxh5
Qf4 27. g3 Qc1+ 28. Kg2 Nd3 29. Qxg4 Qxb2 30. Qg7+ Kc6 31. Qf6 Nc5 32. Qd4 b5
33. h4 Na4 34. h5 b4 35. Qc4+ Nc5 36. Qxc5+ Kxc5 37. Na4+ Kd4 38. Nxb2 Kc3 39.
Na4+ Kc2 40. h6 Kb1 41. h7 Kxa2 42. h8=Q Ka3 43. Nc5 1-0

[Event "SR 3. liga A2 2008/2009"]
[Site "?"]
[Date "2009.02.22"]
[Round "8.3"]
[White "Csiba, Peter"]
[Black "Peska, Juraj"]
[Result "1-0"]
[WhiteElo "2041"]
[BlackElo "1960"]
[PlyCount "109"]
[EventDate "2008.??.??"]

1. e4 e6 2. f4 d5 3. e5 c5 4. Nf3 Ne7 5. c3 Nbc6 6. Na3 Ng6 7. g3 Be7 8. Nc2 b6
9. Bg2 Bb7 10. O-O O-O 11. d4 Rc8 12. g4 Re8 13. f5 Nf8 14. Rf2 cxd4 15. cxd4
Nb4 16. Nxb4 Bxb4 17. f6 gxf6 18. g5 f5 19. Bd2 Bxd2 20. Qxd2 Re7 21. Bf1 Rec7
22. Bd3 Qd7 23. Nh4 Qa4 24. Bxf5 exf5 25. Nxf5 Qc2 26. Qf4 Qc6 27. Nh6+ Kg7 28.
Raf1 Qg6 29. e6 Nxe6 30. Qe5+ Kf8 31. Qh8+ Ke7 32. Rxf7+ Kd6 33. Qe5+ Kc6 34.
R7f6 Qe4 35. Rxe6+ Kb5 36. Qf6 Qh4 37. Re3 Rc2 38. Rb3+ Ka5 39. Qf4 Qxf4 40.
Rxf4 Re2 41. Rf2 Rxf2 42. Kxf2 b5 43. Ng4 Rc2+ 44. Kg3 Rd2 45. Nf6 Rxd4 46.
Nxh7 Re4 47. Nf6 Re6 48. h4 d4 49. Rd3 Rd6 50. h5 Bc8 51. Kf4 Kb4 52. h6 Rd8
53. h7 Kc4 54. Rd2 Rf8 55. Ke5 1-0

[Event "SR 3. liga A2 2008/2009"]
[Site "?"]
[Date "2009.02.22"]
[Round "8.4"]
[White "Gajarsky, Roman"]
[Black "Ujhelyi, Matus"]
[Result "0-1"]
[WhiteElo "1943"]
[BlackElo "1926"]
[PlyCount "62"]
[EventDate "2008.??.??"]

1. e4 e6 2. c4 d5 3. e5 c5 4. f4 Nc6 5. Nf3 Nge7 6. Na3 dxc4 7. Bxc4 Nf5 8. Nc2
Be7 9. O-O O-O 10. g4 Nfd4 11. Be2 b6 12. Rb1 Bb7 13. Ne3 Nxe2+ 14. Qxe2 Nd4
15. Qd1 Nxf3+ 16. Rxf3 Qd3 17. Ra1 Bxf3 18. Qxf3 c4 19. Kf2 Rad8 20. f5 exf5
21. gxf5 Bc5 22. f6 Rfe8 23. Qg3 g6 24. Qg5 Bxe3+ 25. dxe3 Qc2+ 26. Kg3 Qe4 27.
b3 Qxe5+ 28. Qxe5 Rxe5 29. bxc4 Rd1 30. Bb2 Rxe3+ 31. Kf4 Rxa1 0-1

[Event "SR 3. liga A2 2008/2009"]
[Site "?"]
[Date "2009.02.22"]
[Round "8.5"]
[White "Obdrzalkova, Anitta"]
[Black "Kollarik, Gorazd"]
[Result "1/2-1/2"]
[WhiteElo "2005"]
[BlackElo "1943"]
[PlyCount "86"]
[EventDate "2008.??.??"]

1. d4 Nf6 2. c4 e5 3. dxe5 Ne4 4. Nd2 Bb4 5. a3 Nxd2 6. Bxd2 Bxd2+ 7. Qxd2 Nc6
8. Nf3 Qe7 9. Qd5 O-O 10. e4 Re8 11. Bd3 Nxe5 12. Nxe5 Qxe5 13. Qxe5 Rxe5 14.
O-O d6 15. f4 Re7 16. Rae1 Bd7 17. Re2 Rae8 18. Rfe1 f6 19. b4 a6 20. Kf2 b5
21. c5 dxc5 22. bxc5 g6 23. e5 fxe5 24. Rxe5 Kf7 25. Rxe7+ Rxe7 26. Rxe7+ Kxe7
27. Ke3 Bc6 28. g4 Kf6 29. g5+ Ke6 30. Kd4 Bf3 31. h4 c6 32. Ke3 Bd5 33. h5
gxh5 34. Bxh7 h4 35. Bg8+ Ke7 36. Bxd5 cxd5 37. c6 d4+ 38. Kxd4 h3 39. c7 Kd7
40. c8=Q+ Kxc8 41. g6 h2 42. g7 h1=Q 43. g8=Q+ Kc7 1/2-1/2

[Event "SR 3. liga A2 2008/2009"]
[Site "?"]
[Date "2009.02.22"]
[Round "8.6"]
[White "Racik, Marek"]
[Black "Rachela, Robert"]
[Result "1/2-1/2"]
[WhiteElo "1932"]
[BlackElo "1913"]
[PlyCount "30"]
[EventDate "2008.??.??"]

1. Nf3 d5 2. c4 dxc4 3. Qa4+ Bd7 4. Qxc4 e6 5. g3 Bc6 6. Bg2 Nf6 7. O-O Be7 8.
Nc3 O-O 9. e4 Nbd7 10. Nd4 Ne5 11. Nxc6 Nxc4 12. Nxd8 Raxd8 13. Rd1 c6 14. b3
Nb6 15. d4 Rd7 1/2-1/2

[Event "SR 3. liga A2 2008/2009"]
[Site "?"]
[Date "2009.02.22"]
[Round "8.7"]
[White "Takacs, Laszlo"]
[Black "Skocik, Jozef"]
[Result "1/2-1/2"]
[WhiteElo "1726"]
[BlackElo "1863"]
[PlyCount "130"]
[EventDate "2008.??.??"]

1. e4 c5 2. Nf3 d6 3. d4 cxd4 4. Nxd4 Nf6 5. Nc3 g6 6. Be3 Bg7 7. Be2 O-O 8.
Qd2 Nc6 9. O-O-O a6 10. f3 Bd7 11. g4 Rc8 12. h4 h5 13. gxh5 Nxh5 14. Rdg1 Qa5
15. f4 Bxd4 16. Bxd4 Nxd4 17. Qxd4 Nxf4 18. Bc4 Be6 19. Bxe6 Rxc3 20. Bc4 Rf3
21. Rg5 e5 22. Qxd6 Rd8 23. Rxg6+ Nxg6 24. Qxg6+ Kf8 25. Qh6+ Ke7 26. Qg5+ Kf8
27. Rg1 Rf2 28. Bd5 Qb5 29. Qg7+ Ke8 30. Qxe5+ Kf8 31. Qg7+ Ke7 32. Rd1 Qb6 33.
Qg5+ Kf8 34. h5 Qc7 35. c3 Qb6 36. Rd2 Rxd2 37. Qxd2 Qg1+ 38. Kc2 Kg8 39. Qf4
Qg2+ 40. Kb3 Rxd5 41. exd5 Qxd5+ 42. Qc4 Qxh5 43. Qc8+ Kg7 44. Qxb7 Qa5 45. Qb4
Qd5+ 46. c4 Qd1+ 47. Ka3 Qd3+ 48. Qc3+ Qxc3+ 49. bxc3 f5 50. c5 Kf7 51. Kb4 Ke7
52. Kc4 Kd7 53. Kd5 Kc7 54. c6 a5 55. a4 f4 56. Ke4 Kxc6 57. Kxf4 Kc5 58. Ke3
Kc4 59. Kd2 Kb3 60. Kd3 Kxa4 61. Kc4 Ka3 62. Kb5 Kb3 63. c4 a4 64. c5 a3 65. c6
a2 1/2-1/2

[Event "SR 3. liga A2 2008/2009"]
[Site "?"]
[Date "2009.02.22"]
[Round "8.8"]
[White "Majtan, Martin"]
[Black "Mezei, Tibor"]
[Result "0-1"]
[WhiteElo "1572"]
[BlackElo "1640"]
[PlyCount "126"]
[EventDate "2008.??.??"]

1. e4 e6 2. d4 d5 3. Nc3 c6 4. Nf3 dxe4 5. Nxe4 Nf6 6. Bg5 Be7 7. Bxf6 Bxf6 8.
Be2 Nd7 9. c4 Qa5+ 10. Qd2 Qxd2+ 11. Nexd2 c5 12. Nb3 b6 13. Rd1 Bb7 14. O-O
O-O 15. Rd2 cxd4 16. Nbxd4 Nc5 17. Rdd1 Rad8 18. Nb5 Bxb2 19. Nxa7 Ra8 20. Nb5
Rxa2 21. Rd2 Rfa8 22. Rfd1 Bf6 23. Nc7 Rxd2 24. Rxd2 Ra4 25. h3 Bxf3 26. Bxf3
Rxc4 27. Ra2 g6 28. Ra8+ Kg7 29. Ne8+ Kh6 30. Nxf6 b5 31. Ng4+ Kg7 32. Ra7 Nd3
33. Be2 h5 34. Bxd3 Rc1+ 35. Kh2 hxg4 36. Bxb5 gxh3 37. Kxh3 Kf8 38. f3 Rc5 39.
Bd3 f5 40. Ra6 Kf7 41. Ra7+ Kf6 42. Rh7 Rc1 43. Kg3 e5 44. Rb7 e4 45. fxe4 Rc3
46. e5+ Ke6 47. Rb6+ Kxe5 48. Rxg6 Rxd3+ 49. Kh4 Kf4 50. Rf6 Rd1 51. g3+ Ke5
52. Kg5 Rf1 53. Rf8 Ke6 54. Re8+ Kd6 55. Rd8+ Ke6 56. Rd4 Rf3 57. Kh4 Ke5 58.
Ra4 Rd3 59. Ra8 Rd4+ 60. Kh3 Ke4 61. Rf8 Rd6 62. Re8+ Kf3 63. Rf8 Rh6# 0-1

[Event "SR 3. liga A2 2008/2009"]
[Site "?"]
[Date "2009.02.22"]
[Round "8.1"]
[White "Pagerka, Martin"]
[Black "Strachan, Jan"]
[Result "0-1"]
[WhiteElo "1998"]
[BlackElo "2223"]
[PlyCount "96"]
[EventDate "2008.??.??"]

1. e4 g6 2. d4 c6 3. Nc3 d5 4. exd5 cxd5 5. Bb5+ Nc6 6. Nf3 Nf6 7. Bf4 Bg7 8.
O-O O-O 9. Be5 Qb6 10. a4 Rd8 11. Qe2 Nxe5 12. dxe5 Nh5 13. Rfd1 a6 14. a5 Qc5
15. Ba4 Bg4 16. h3 Nf4 17. Qe3 Qxe3 18. fxe3 Nxh3+ 19. Kh2 Nf2 20. Rxd5 Be6 21.
Rc5 Rac8 22. Rxc8 Bxc8 23. Bb3 Ng4+ 24. Kg1 Nxe5 25. Ng5 Bh6 26. Nce4 Kg7 27.
Nf3 Nxf3+ 28. gxf3 f5 29. Nc3 Bxe3+ 30. Kf1 Rd2 31. Nd5 Bc5 32. Ke1 Rh2 33. Ra4
Bd7 34. Rc4 Bd6 35. Rd4 Bc6 36. Rd3 Rh1+ 37. Kf2 Ra1 38. Ne3 Rxa5 39. Nc4 Bc5+
40. Kg2 Ra1 41. Rd8 Rg1+ 42. Kh2 Bxf3 43. Ne5 Be4 44. Rg8+ Kh6 45. Nf7+ Kh5 46.
Rh8 Kg4 47. Nh6+ Kf4 48. Rxh7 Rh1# 0-1

[Event "SR 3. liga A2 2008/2009"]
[Site "?"]
[Date "2009.02.22"]
[Round "8.2"]
[White "Ivan, Imrich ml"]
[Black "Hecko, Dusan"]
[Result "1/2-1/2"]
[WhiteElo "2049"]
[BlackElo "2160"]
[PlyCount "80"]
[EventDate "2008.??.??"]

1. Nf3 Nf6 2. d4 g6 3. g3 Bg7 4. Bg2 O-O 5. O-O d6 6. c3 Nbd7 7. Bg5 e5 8. dxe5
Nxe5 9. Nxe5 dxe5 10. Na3 c6 11. Qa4 h6 12. Rad1 Qc7 13. Bc1 Be6 14. Qc2 Rad8
15. c4 Rxd1 16. Rxd1 Rd8 17. b3 Rxd1+ 18. Qxd1 Qd7 19. Qxd7 Nxd7 20. Nc2 f5 21.
Bb2 Kf7 22. Kf1 Bf6 23. Ke1 g5 24. Kd2 h5 25. Bh3 f4 26. Bxe6+ Kxe6 27. f3 g4
28. fxg4 hxg4 29. Ba3 Bg5 30. Kd3 Nf6 31. e4 fxg3 32. hxg3 Nh5 33. Bc5 Nxg3 34.
Bxa7 Nh5 35. Be3 Nf4+ 36. Kd2 Bh4 37. b4 Nh5 38. a4 Nf6 39. Kd3 Bg3 40. Bg1 Bf4
1/2-1/2

[Event "SR 3. liga A2 2008/2009"]
[Site "?"]
[Date "2009.02.22"]
[Round "8.3"]
[White "Vach, Pavol"]
[Black "Abraham, Jan"]
[Result "1/2-1/2"]
[WhiteElo "1979"]
[BlackElo "2104"]
[PlyCount "100"]
[EventDate "2008.??.??"]

1. d4 d5 2. c4 e6 3. Nc3 Nf6 4. Nf3 Nbd7 5. Bg5 c6 6. e3 Qa5 7. Nd2 Bb4 8. Qc2
O-O 9. Be2 Re8 10. O-O dxc4 11. Bxf6 Nxf6 12. Nxc4 Qc7 13. Ne5 a6 14. Rac1 Bd7
15. Rfd1 Rac8 16. Bf3 Bd6 17. Ne4 Be7 18. Ng5 Rf8 19. Bh5 Be8 20. Bxf7+ Bxf7
21. Nexf7 Rxf7 22. e4 Ng4 23. Nxf7 Qxh2+ 24. Kf1 Kxf7 25. Rd3 Qh1+ 26. Ke2 Qxg2
27. Rf3+ Kg8 28. Qc4 Rf8 29. Qxe6+ Kh8 30. Rxf8+ Bxf8 31. Qf5 Nf6 32. e5 Qg4+
33. Qxg4 Nxg4 34. f3 Nh6 35. Kd3 Nf5 36. Ke4 g6 37. f4 Ne7 38. Rc3 Nd5 39. Rb3
b5 40. f5 Kg7 41. Rf3 a5 42. fxg6 hxg6 43. Rf2 a4 44. Rc2 Ne7 45. b3 axb3 46.
axb3 Kf7 47. Rf2+ Nf5 48. Rc2 Ne7 49. Rf2+ Nf5 50. Rc2 Ne7 1/2-1/2

[Event "SR 3. liga A2 2008/2009"]
[Site "?"]
[Date "2009.02.22"]
[Round "8.4"]
[White "Csefalvay, Stefan"]
[Black "Cajka, Tibor"]
[Result "0-1"]
[WhiteElo "1965"]
[BlackElo "1907"]
[PlyCount "68"]
[EventDate "2008.??.??"]

1. d4 Nf6 2. Nf3 e6 3. g3 c5 4. c3 Nc6 5. Bg2 d5 6. O-O Qb6 7. e3 Bd6 8. Nbd2
O-O 9. Nb3 Rd8 10. dxc5 Bxc5 11. Nxc5 Qxc5 12. Re1 e5 13. h3 b6 14. Nd2 Ba6 15.
Nb3 Qe7 16. Kh2 Rd6 17. Qc2 e4 18. Nd4 g6 19. Nxc6 Rxc6 20. Bf1 Bxf1 21. Rxf1
Nd7 22. Qe2 Ne5 23. Bd2 Nf3+ 24. Kg2 Qg5 25. Rad1 h5 26. Bc1 h4 27. Qb5 Rc5 28.
Qd7 Ne5 29. Qb7 Rac8 30. Rxd5 Qf5 31. g4 Qf3+ 32. Kh2 Qe2 33. Kg2 Nxg4 34. hxg4
h3+ 0-1

[Event "SR 3. liga A2 2008/2009"]
[Site "?"]
[Date "2009.02.22"]
[Round "8.5"]
[White "Blazkova, Barbora"]
[Black "Vizvari, Ludovit"]
[Result "0-1"]
[WhiteElo "1898"]
[BlackElo "2039"]
[PlyCount "64"]
[EventDate "2008.??.??"]

1. d4 d5 2. c4 e6 3. Nc3 c5 4. cxd5 exd5 5. dxc5 d4 6. Ne4 Nc6 7. Nf3 Bf5 8.
Ng3 Bg6 9. Qb3 Qc7 10. e3 Bxc5 11. e4 Nf6 12. Bd3 O-O 13. Bd2 Rfe8 14. Rc1 Nxe4
15. Bxe4 Bxe4 16. O-O Qb6 17. Qxb6 Bxb6 18. Nxe4 Rxe4 19. Rc4 Rae8 20. Rd1 Ne5
21. Nxe5 R4xe5 22. Kf1 f6 23. a3 Re2 24. b4 a6 25. a4 R8e7 26. Bc1 Ba7 27. b5
axb5 28. axb5 R2e5 29. Ba3 Rd7 30. Rc8+ Kf7 31. Rf8+ Kg6 32. Rd3 Rdd5 0-1

[Event "SR 3. liga A2 2008/2009"]
[Site "?"]
[Date "2009.02.22"]
[Round "8.6"]
[White "Szitasi, Janos"]
[Black "Karlik, Lukas"]
[Result "1-0"]
[WhiteElo "1972"]
[BlackElo "1841"]
[PlyCount "59"]
[EventDate "2008.??.??"]

1. e4 d5 2. exd5 Qxd5 3. Nc3 Qa5 4. Nf3 Nf6 5. d4 c6 6. Bc4 Bg4 7. h3 Bxf3 8.
Qxf3 e6 9. O-O Bd6 10. a3 O-O 11. Be3 Nbd7 12. Ne2 e5 13. Bd3 Rfe8 14. Qf5 Qc7
15. c4 e4 16. Bc2 g6 17. Qg5 Nh5 18. Bd2 f6 19. Qa5 b6 20. Qc3 f5 21. b4 c5 22.
Rad1 f4 23. Ba4 Re7 24. f3 e3 25. Be1 cxd4 26. Qxd4 Be5 27. Qd5+ Kg7 28. Qxa8
Ndf6 29. Qd8 Qb7 30. Bc6 1-0

[Event "SR 3. liga A2 2008/2009"]
[Site "?"]
[Date "2009.02.22"]
[Round "8.7"]
[White "Diviak, Rudolf"]
[Black "Vegh, Vince"]
[Result "1-0"]
[WhiteElo "1894"]
[BlackElo "1917"]
[PlyCount "135"]
[EventDate "2008.??.??"]

1. b4 a5 2. bxa5 c5 3. e4 Nc6 4. Nf3 d6 5. Nc3 g6 6. Bb2 Bg7 7. Be2 Nf6 8. O-O
O-O 9. Qb1 Qxa5 10. Re1 e6 11. Bf1 Nd7 12. Nb5 Nde5 13. Nxe5 Nxe5 14. Bc3 Qd8
15. Qb2 Qg5 16. Re3 Rd8 17. Rae1 b6 18. Rg3 Qf4 19. Ree3 h5 20. Nc7 Rb8 21. Be2
h4 22. Rh3 g5 23. g3 hxg3 24. hxg3 Qf6 25. Kg2 Qe7 26. Nb5 f6 27. f4 Ng6 28.
fxg5 fxg5 29. Bxg7 Qxg7 30. Qxg7+ Kxg7 31. Rh5 Ba6 32. a4 d5 33. Rxg5 Kf6 34.
Rh5 dxe4 35. Nc3 Bb7 36. Nb1 Rg8 37. Kf2 Rbd8 38. Rb3 Rd6 39. a5 Rb8 40. axb6
Bd5 41. Nc3 Bxb3 42. Nxe4+ Kg7 43. Nxd6 Rxb6 44. Ne8+ Kf8 45. cxb3 Kxe8 46.
Rxc5 Rxb3 47. Bh5 Kf7 48. Rg5 Rb2 49. Ke2 Rb4 50. Rxg6 Ke7 51. Rg7+ Kf6 52.
Rf7+ Ke5 53. Bf3 Rd4 54. g4 Rd8 55. Ke3 Rd4 56. Rf8 Rd7 57. Be2 Rd4 58. g5 Rd7
59. g6 Rg7 60. d4+ Kd6 61. Bh5 e5 62. Rf6+ Kd5 63. Bf3+ Kc4 64. dxe5 Kc5 65.
Ke4 Rg8 66. Kf5 Kd4 67. e6 Kc5 68. e7 1-0

[Event "SR 3. liga A2 2008/2009"]
[Site "?"]
[Date "2009.02.22"]
[Round "8.8"]
[White "Szabo, Julius"]
[Black "Skapik, Branislav"]
[Result "0-1"]
[WhiteElo "1761"]
[BlackElo "1823"]
[PlyCount "58"]
[EventDate "2008.??.??"]

1. e4 e5 2. Nf3 Nc6 3. Bc4 Bc5 4. c3 Nf6 5. d4 exd4 6. cxd4 Bb4+ 7. Nc3 Bxc3+
8. bxc3 Nxe4 9. O-O d5 10. Re1 Be6 11. Bb5 O-O 12. Qc2 Bf5 13. Bxc6 bxc6 14.
Ne5 Qf6 15. Qb3 Nxf2 16. Be3 Nd3 17. Nxd3 Bxd3 18. Rad1 Bc4 19. Qc2 Rab8 20.
Rd2 Rfe8 21. Rf2 Qe6 22. Rf3 Qe4 23. Qa4 Rb1 24. Rd1 Be2 25. Rxb1 Qxb1+ 26. Kf2
Bxf3 27. gxf3 Qb2+ 28. Kg3 Rxe3 29. Qxc6 Qe2 0-1

[Event "SR 3. liga A2 2008/2009"]
[Site "?"]
[Date "2009.02.22"]
[Round "8.1"]
[White "Hudacek, Josef"]
[Black "Sekera, Branislav"]
[Result "1-0"]
[WhiteElo "2066"]
[BlackElo "2138"]
[PlyCount "57"]
[EventDate "2008.??.??"]

1. e4 d6 2. d4 Nf6 3. Nc3 g6 4. Bd3 Bg7 5. Nge2 O-O 6. f3 c6 7. O-O Nbd7 8. Be3
e5 9. Qd2 Qc7 10. h3 Re8 11. Nd1 d5 12. Nf2 b6 13. c3 Bb7 14. Bh6 Rad8 15. Qg5
Qd6 16. Bxg7 Kxg7 17. f4 dxe4 18. Ng3 Kh8 19. Nfxe4 Nxe4 20. Nxe4 Qe7 21. fxe5
Nxe5 22. Nf6 Nxd3 23. Qh4 h5 24. Rf3 Rd6 25. Rd1 Rxf6 26. Rxf6 Qe3+ 27. Kh2 Qe2
28. Rxf7 c5 29. Qf6+ 1-0

[Event "SR 3. liga A2 2008/2009"]
[Site "?"]
[Date "2009.02.22"]
[Round "8.2"]
[White "Sturdik, Igor"]
[Black "Kapusta, Petr"]
[Result "0-1"]
[WhiteElo "2022"]
[BlackElo "2084"]
[PlyCount "52"]
[EventDate "2008.??.??"]

1. e4 c5 2. Nf3 d6 3. d4 cxd4 4. Nxd4 Nf6 5. Nc3 a6 6. Bg5 e6 7. f4 Nbd7 8. Qf3
Qc7 9. O-O-O b5 10. e5 Bb7 11. Qh3 dxe5 12. Nxe6 fxe6 13. Qxe6+ Be7 14. Bxb5
axb5 15. Nxb5 Qc6 16. Nd6+ Kd8 17. fxe5 Rc8 18. Rd2 Bxd6 19. exf6 gxf6 20.
Bxf6+ Kc7 21. Rf1 Rhe8 22. Qh3 Nxf6 23. Rxf6 Re1+ 24. Rd1 Bf4+ 25. Rxf4 Rxd1+
26. Kxd1 Qd6+ 0-1

[Event "SR 3. liga A2 2008/2009"]
[Site "?"]
[Date "2009.02.22"]
[Round "8.3"]
[White "Kubis, Ivan"]
[Black "Lukac, Tomas"]
[Result "1/2-1/2"]
[WhiteElo "2042"]
[BlackElo "1824"]
[PlyCount "89"]
[EventDate "2008.??.??"]

1. e4 c5 2. Nf3 d6 3. d4 cxd4 4. Nxd4 Nf6 5. Nc3 a6 6. Bg5 e6 7. f4 Be7 8. Qf3
Qc7 9. O-O-O Nbd7 10. g4 b5 11. Bxf6 Nxf6 12. g5 Nd7 13. f5 Nc5 14. f6 gxf6 15.
gxf6 Bf8 16. Rg1 h5 17. Bh3 Bd7 18. Kb1 O-O-O 19. a3 Kb8 20. Rg5 Qb7 21. Rxh5
Rxh5 22. Qxh5 Nxe4 23. Nxe4 Qxe4 24. Qxf7 e5 25. Bxd7 exd4 26. Qe6 Qf4 27. h3
Kc7 28. Qf5 Qe5 29. Be6 Re8 30. Bd7 Rd8 31. Be6 Re8 32. Qxe5 dxe5 33. Bf5 Bh6
34. Rg1 e4 35. f7 Re5 36. Bg4 Kd8 37. Be2 Re6 38. Rg8+ Ke7 39. Bh5 Bf8 40. Kc1
Rh6 41. Rg5 Kf6 42. Rd5 Ke6 43. Rg5 Kf6 44. Rd5 Ke6 45. Rg5 1/2-1/2

[Event "SR 3. liga A2 2008/2009"]
[Site "?"]
[Date "2009.02.22"]
[Round "8.4"]
[White "Lopatievov, Alexander"]
[Black "Londin, Martin"]
[Result "1/2-1/2"]
[WhiteElo "2020"]
[BlackElo "1996"]
[PlyCount "57"]
[EventDate "2008.??.??"]

1. c4 e6 2. Nc3 d5 3. e3 Nf6 4. Nf3 c6 5. a3 Nbd7 6. b4 b6 7. Bb2 Bd6 8. Rc1
Bb7 9. cxd5 exd5 10. d4 O-O 11. Bd3 Re8 12. O-O a6 13. Qc2 c5 14. bxc5 bxc5 15.
dxc5 Nxc5 16. Rfd1 Nxd3 17. Qxd3 Qe7 18. Na4 Rad8 19. Nd4 Ng4 20. g3 Qf6 21.
Qf5 Re4 22. Qxf6 Nxf6 23. Nc5 Bxc5 24. Rxc5 Ne8 25. Bc3 Rd7 26. Rc1 h6 27. Bb4
Kh7 28. Kg2 Rg4 29. h3 1/2-1/2

[Event "SR 3. liga A2 2008/2009"]
[Site "?"]
[Date "2009.02.22"]
[Round "8.5"]
[White "Vepy, Ivan"]
[Black "Kozinka, Roman"]
[Result "0-1"]
[WhiteElo "1941"]
[BlackElo "2012"]
[PlyCount "48"]
[EventDate "2008.??.??"]

1. e4 c5 2. Nf3 d6 3. d4 cxd4 4. Nxd4 Nf6 5. Nc3 a6 6. Bg5 e6 7. Be2 Be7 8. Qd2
h6 9. Be3 Qc7 10. O-O b5 11. Bf3 Bb7 12. a3 Nbd7 13. Rad1 Ne5 14. Be2 Nxe4 15.
Nxe4 Bxe4 16. f4 Nc4 17. Bxc4 Qxc4 18. f5 e5 19. f6 gxf6 20. b3 Qc8 21. Qe2 Rg8
22. Nf3 Qxc2 23. Rd2 Qxb3 24. Bxh6 d5 {Biely èas.} 0-1

[Event "SR 3. liga A2 2008/2009"]
[Site "?"]
[Date "2009.02.22"]
[Round "8.6"]
[White "Zarecky, Eduard"]
[Black "Vogl, Zdenek"]
[Result "1-0"]
[WhiteElo "1948"]
[BlackElo "1885"]
[PlyCount "99"]
[EventDate "2008.??.??"]

1. d4 Nc6 2. c4 e6 3. Nc3 Bb4 4. Nf3 d5 5. e3 Nf6 6. a3 Bxc3+ 7. bxc3 Ne4 8.
Qc2 O-O 9. Bd3 f5 10. O-O b6 11. cxd5 exd5 12. c4 Be6 13. cxd5 Bxd5 14. Bc4 Rf6
15. Bb2 Rg6 16. Rad1 h5 17. Qb3 Bxc4 18. Qxc4+ Kh7 19. d5 Rd6 20. Rc1 Ne7 21.
Qxc7 Rxd5 22. Qxd8 Raxd8 23. Rc7 R8d7 24. Rxd7 Rxd7 25. Rc1 Nc5 26. h4 Rd5 27.
Bd4 Nc6 28. Kf1 Nd8 29. Ke2 Nde6 30. Ng5+ Nxg5 31. hxg5 Ne6 32. Kd3 Ra5 33. Bb2
f4 34. Rc6 Nxg5 35. exf4 Nf7 36. Rc7 Kg8 37. Rc8+ Kh7 38. Rc7 Kg8 39. f3 h4 40.
Rd7 Rb5 41. Kc2 Ra5 42. Kb3 Rf5 43. Rxa7 Rxf4 44. Ra4 Rf5 45. Rxh4 Rb5+ 46. Rb4
Rg5 47. g4 b5 48. Rd4 Kh7 49. Rd7 Kg6 50. f4 1-0

[Event "SR 3. liga A2 2008/2009"]
[Site "?"]
[Date "2009.02.22"]
[Round "8.7"]
[White "Vach, Jozef"]
[Black "Mackovic, Miroslav"]
[Result "1/2-1/2"]
[WhiteElo "1917"]
[BlackElo "1972"]
[PlyCount "147"]
[EventDate "2008.??.??"]

1. e4 c5 2. Nf3 d6 3. d4 cxd4 4. Nxd4 Nf6 5. Nc3 a6 6. Be3 e6 7. f4 Qc7 8. Be2
b5 9. Bf3 Bb7 10. a3 Nbd7 11. Qd2 Nc5 12. e5 dxe5 13. fxe5 Nfe4 14. Nxe4 Bxe4
15. b4 Bxf3 16. gxf3 Na4 17. f4 g6 18. O-O Be7 19. Qg2 Rc8 20. Rab1 Nb6 21. Rb3
Qd7 22. Rd3 Nd5 23. Bc1 Bd8 24. Bb2 Rc4 25. Qd2 Bb6 26. c3 O-O 27. Kh1 Qb7 28.
Qg2 Rfc8 29. f5 Bxd4 30. Rxd4 Rxd4 31. cxd4 exf5 32. Rxf5 Qc6 33. Rf2 Ne3 34.
Qxc6 Rxc6 35. Rd2 Nd5 36. Kg2 Kf8 37. Kf3 Ke7 38. Ke4 Ke6 39. Kd3 g5 40. Ke4 h5
41. Rf2 Rc8 42. h3 g4 43. hxg4 hxg4 44. Rg2 f5+ 45. exf6 Nxf6+ 46. Kd3 Kd5 47.
Rf2 Ke6 48. Bc3 g3 49. Rg2 Nh5 50. Bd2 Kf5 51. Rg1 Kg4 52. Ke4 Re8+ 53. Kd3 Nf6
54. Bh6 Nd5 55. Bd2 Kh3 56. Rh1+ Kg2 57. Rh5 Nf6 58. Rh6 Ng4 59. Rh5 Nf2+ 60.
Kc2 Kf1 61. Bf4 g2 62. Bh2 g1=Q 63. Bxg1 Kxg1 64. d5 Rd8 65. Kc3 Ne4+ 66. Kd4
Nd6 67. Kc5 Nc4 68. Rh3 Rc8+ 69. Kd4 Rd8 70. Kc5 Rc8+ 71. Kd4 Kg2 72. Rd3 Kf2
73. Ke4 Re8+ 74. Kd4 {Ïalej este #ia3/4 neznáme a známe ahy do remízy.} 1/2-1/2